1788 1507 1778 1795 1886 1911 1759 1903 1318 1983 1456 1447 1441 1587 1880 1661 1425 1830 1096 1804 1113 1040 1953 1900 1239 1647 1481 1029 1065 1457 1772 1613 1286 1400 1065 1364 1917 1051 1347 1139 1833 1281 1881 1235 1928 1893 1811 1897 1947 1479 1500 1191 1248 1286 1193 1182 1212 1338 1775 1040 1265 1401 1438 1172 1595 1397 1496 1512 1831 1338 1223 1049 1984 1530 1961 1460 1503 1302 1159 1326 1126 1850 1312 1366 1158 1166 1224 1819 1603 1967 1918 1791 1287 1361 1568 1201 1411 1317 1411 BCNSPRNW ULIB Ver.6.0+V

เปลี่ยนเป็นภาษาไทย

Change to English
 แสดงรายละเอียดบรรณานุกรม
  กลับหน้าหลัก

Brief Record : Get Marc (ISO 2709) : E-mail record : QR code < ปิดหน้าต่าง
LEADER : 00000nam 2200000uu 4500
001    13399111673
003     ULIB
008    110704s2550||||th 000 0 tha d
020    9789747814361
050 04 BQ6337.A2^bส814พ 2550
245 00 80 พระอารามหลวง กรุงเทพมหานคร /^c[สุนทรียา ศรีวรขันธ์,บรรณาธิการเล่ม]
246 3  แปดสิบพระอารามหลวง กรุงเทพมหานคร
250    พิมพ์ครั้งที่ 1
260    กรุงเทพฯ :^bฐานบุ๊คส์,^c2550
300    251 หน้า :^bภาพประกอบสี ;^c21 ซม
500    จัดพิมพ์เพื่อเฉลิมฉลองในพิธีมหามงคลเฉลิมพระชนมพรรษา 80 พรรษาของพระบาทสมเด็จพระเจ้าอยู่หัวภูมิพลอดุลยเดช
505 2  พระมหากษัตริย์ไทยกับพระพุทธศาสนา -- วัดพระศรีรัตนศาสดาราม --วัดประจำรัชกาล : วัดพระเชตุพนวิมลมังคลาราม ; วัดอรุณราชวราราม ; วัดราชโอรสาราม ; วัดราชประดิษฐ์สถิตมหาสีมาราม ; วัดเบญจมบพิตรดุสิตวนาราม ; วัดบวรนิเวศวิหาร ; วัดราชบพิธสถิตมหาสีมาราม ; วัดสุทัศนเทพวราราม -- พระอารามหลวงเรียงตามลำดับชั้น : วัดมหาธาตุยุวราชรังสฤษฎิ์ ; วัดพระศรีมหาธาตุ ; วัดชนะสงคราม ; วัดมกุฏกษัตริยาราม ; วัดราชบุรณะ ;วัดราชาธิวาสวิหาร ; วัดบรมนิวาส ; วัดสระเกศ ; วัดโสมนัสวิหาร ; วัดเทพศิรินทราวาส ; วัดบพิตรพิมุข ; วัดปทุมคงคา ; วัดจักรวรรดิราชาวาส ; วัดประยุรวงศาวาส ; วัดไตรมิตรวิทยาราม ; วัดกัลยาณมิตร ; วัดโมลีโลกยาราม ; วัดหงส์รัตนาราม ; วัดราชสิทธาราม ; วัดชัยพฤกษมาลา; วัดพิชยญาติการาม ; วัดอนงคาราม ; วัดระฆังโฆสิตาราม ; วัดสุวรรณาราม ; วัดอินทรวิหาร ; วัดสังเวชวิศยาราม ; วัดปรินายก ; วัดสามพระยา ; วัดนรนาถสุนทริการาม ; วัดเทพธิดาราม ; วัดราชนัดดาราม; วัดมหรรณพาราม ; วัดบุรณศิริมาตยาราม ; วัดตรีทศเทพ ; วัดเทวราชกุญชร ; วัดราชผาติการาม ; วัดหัวลำโพง ; วัดปทุมวนาราม ; วัดมหาพฤฒาราม ; วัดสัมพันธวงศาราม ; วัดชัยชนะสงคราม ; วัดราชคฤห์ ;วัดจันทาราม ; วัดอินทาราม ; วัดบุปผาราม ; วัดหิรัญรูจี ; วัดเวฬุราชิน ; วัดโพธินิมิตร ; วัดสังข์กระจาย ; วัดเครือวัลย์ ; วัดพระราม 9 กาญจนาภิเษก ; วัดทองธรรมชาติ ; วัดเศวตฉัตร ; วัดทองนพคุณ ; วัดกาญจนสิงหาสน์ ; วัดรัชฎาธิฐาน ; วัดอมรินทราราม ; วัดพระยาทำ ; วัดศรีสุดาราม ; วัดชิโนรสาราม ; วัดดุสิดาราม ; วัดนวลนรดิศ ; วัดปากน้ำ; วัดคูหาสวรรค์ ; วัดอัปสรสวรรค์ ; วัดภคินีนาถ ; วัดบวรมงคล ; วัดดาวดึงษาราม ; วัดหนัง ; วัดนางนอง ; วัดหลักสี่ ; วัดดอนเมือง
650  7 วัด^zไทย^zกรุงเทพฯ
650  7 วันเฉลิมพระชนมพรรษา (5 ธ.ค. 2550)
700 0  สุนทรียา ศรีวรขันธ์
945    ^p299^l0^i029132
995    ทศพร
999 ^a ใช้งานได้ทุกระบบ
รายการนี้ยังไม่มีแท็ก
คุณยังไม่ได้ล็อกอิน คุณสามารถมีกิจกรรมร่วมกับเว็บไซต์ได้ แต่ต้องล็อกอินก่อน ::
  ล็อกอิน

รายการสื่อสารสนเทศ

ลำดับที่ ประเภท เลขเรียก/บาร์โค้ด สถานที่ สถานะ
- ไม่พบข้อมูล -

BibComment


ยังไม่เคยถูกคอมเมนท์

คอมเมนท์ทรัพยากรรายการนี้
  คอมเมนท์: 80 พระอารามหลวง ก..


 Copyright 2026. Bcnsprnw @Library